Reading science (Record no. 122729)
[ view plain ]
| 000 -LEADER | |
|---|---|
| fixed length control field | 00743nam a22002057a 4500 |
| 008 - FIXED-LENGTH DATA ELEMENTS--GENERAL INFORMATION | |
| fixed length control field | 150421b xxu||||| |||| 00| 0 eng d |
| 020 ## - INTERNATIONAL STANDARD BOOK NUMBER | |
| International Standard Book Number | 9780415167901 |
| 050 ## - LIBRARY OF CONGRESS CALL NUMBER | |
| Classification number | Q181.M1777 1998 |
| 100 ## - MAIN ENTRY--PERSONAL NAME | |
| Personal name | Martin, J.R. (ed.) |
| 9 (RLIN) | 17411 |
| 245 ## - TITLE STATEMENT | |
| Title | Reading science |
| Remainder of title | critical and functional perspectives on discourse of science |
| Statement of responsibility, etc | /by J.R. Martin and Robert Veel |
| 260 ## - PUBLICATION, DISTRIBUTION, ETC. (IMPRINT) | |
| Place of publication, distribution, etc | London |
| Name of publisher, distributor, etc | Routledge |
| Date of publication, distribution, etc | 1998 |
| 300 ## - PHYSICAL DESCRIPTION | |
| Extent | ix,368p. ; |
| Dimensions | 24cm. |
| 650 ## - SUBJECT ADDED ENTRY--TOPICAL TERM | |
| Topical term or geographic name as entry element | Science |
| General subdivision | Study and teaching |
| -- | Methodology |
| 9 (RLIN) | 17412 |
| 650 ## - SUBJECT ADDED ENTRY--TOPICAL TERM | |
| Topical term or geographic name as entry element | Technology |
| General subdivision | Study and teaching |
| -- | Methodology |
| 9 (RLIN) | 17413 |
| 650 ## - SUBJECT ADDED ENTRY--TOPICAL TERM | |
| Topical term or geographic name as entry element | Discourse analysis |
| 9 (RLIN) | 16007 |
| 650 ## - SUBJECT ADDED ENTRY--TOPICAL TERM | |
| Topical term or geographic name as entry element | Technical writing |
| 9 (RLIN) | 17414 |
| 650 ## - SUBJECT ADDED ENTRY--TOPICAL TERM | |
| Topical term or geographic name as entry element | Rhetoric |
| 9 (RLIN) | 15927 |
| 700 ## - ADDED ENTRY--PERSONAL NAME | |
| Personal name | Veel, Robert (ed.) |
| 9 (RLIN) | 17415 |
| 942 ## - ADDED ENTRY ELEMENTS (KOHA) | |
| Source of classification or shelving scheme | Library of Congress Classification |
| Item type | Monograph ( Printed materials) |
| Withdrawn status | Lost status | Source of classification or shelving scheme | Damaged status | Not for loan | Collection code | Home library | Current library | Shelving location | Date acquired | Total Checkouts | Full call number | Barcode | Date last seen | Price effective from | Koha item type |
|---|---|---|---|---|---|---|---|---|---|---|---|---|---|---|---|
| Library of Congress Classification | Main Collection | ARRUPE LIBRARY | ARRUPE LIBRARY | Main Collection | 21/04/2015 | Q181.M1777 1998 | 46500004514 | 03/07/2019 | 21/04/2015 | Monograph ( Printed materials) |